Normal view
MARC view
- BINDU J
Entry Personal Name
001 - CONTROL NUMBER
- control field: 2784
003 - CONTROL NUMBER IDENTIFIER
- control field: OSt
005 - DATE AND TIME OF LATEST TRANSACTION
- control field: 20180214153217.0
008 - FIXED-LENGTH DATA ELEMENTS
- fixed length control field: 180214|| aca||aabn | a|a d
040 ## - CATALOGING SOURCE
- Original cataloging agency: OSt
- Transcribing agency: OSt
100 ## - HEADING--PERSONAL NAME
- Personal name: BINDU J
670 ## - SOURCE DATA FOUND
- Source citation: Work cat.: (OSt): BINDU J, Optimal cropping pattern for the better utilization of minor irrigation schemes
